000 01318cam a22001934a 4500
005 20250605164052.0
008 250528s ||||||||||||||||||||||||d
035 _a17304
020 _a304334456
040 _aGR-AtMCL
_bgre
_dGR-AtMCL
_eAACR2
245 1 _aProductivity Management in Hospitality and Tourism
260 _bCassell,
_c1996
300 _a244
520 _aThe writer has assembled some of the most influential, lively and interesting minds in hospitality and tourism research to create a book which pulls together the best current thinking. Introduction, Origins, The Gold Fetish and Scientific Analysis: the Mercantilists, The Praiseworthy Sir William Petty, Boisguillebert: His Age and Role, John Law - Adventurer and Prophet, Pre-Adam Economics, Benjamin Franklin and Transatlantic Economics, Doctor Quesnay and His Sect, Turgot - Thinker and Minister and Man, Adam Smith: The Scottish Sage, Adam Smith: The Creator of a System, David Ricardo: The Genius from the City, David Ricardo: The Crowing of the System, Around Ricardo and Later, Economic Romanticism, The Say School and Cournot's Contribution, Economic Nationalism, The Wonderful World of the Utopists, Robert Owen and Early English Socialism.
700 1 _aJohns Nick
_93463
942 _cBK
999 _c2732
_d2732